000 00722cam a22002295a 4500
001 6545754
003 GBCCL
005 20241126110430.0
008 040325s1999 ii 000 0 eng d
035 _a(OCoLC)ocn688865419
035 _a6545754
040 _aCtY-D
_cCtY-D
082 _a303.6095416
_bJEY
100 1 _aJeyaseelan, L.,
_d1958-
_95110
245 1 0 _aChurch's response to the phenomenon of violence in North-East India.
260 _aManipur:
_bArchbishop's House,
_c1999.
300 _a148 p. ;
_c22 cm.
650 0 _aViolence
_zSouth Asia
_xReligious aspects.
_95111
650 0 _aChristian life
_zIndia, Northeastern.
_95112
650 0 _aChristian ethics
_zIndia, Northeastern.
_95113
942 _2ddc
_cBK
_031
999 _c2466
_d2466